书目信息 |
| 题名: |
音乐治疗
|
|
| 作者: | 张刃 著 | |
| 分册: | ||
| 出版信息: | 北京 机械工业出版社 2020 |
|
| 页数: | 17,335页 | |
| 开本: | 23cm | |
| 丛书名: | ||
| 单 册: | ||
| 中图分类: | R454.3 | |
| 科图分类: | ||
| 主题词: | 音乐疗法 | |
| 电子资源: | ||
| ISBN: | 978-7-111-66179-5 | |
| 000 | 00892cam0 2200241 450 | |
| 001 | 2134092686 | |
| 005 | 20210104092824.98 | |
| 010 | @a978-7-111-66179-5@dCNY99.00 | |
| 100 | @a20200918d2020 em y0chiy50 ea | |
| 101 | 0 | @achi |
| 102 | @aCN@b110000 | |
| 105 | @ay z 000yy | |
| 200 | 1 | @a音乐治疗@9yin yue zhi liao@b专著@dMusic therapy@f张刃著@zeng |
| 205 | @a2版 | |
| 210 | @a北京@c机械工业出版社@d2020 | |
| 215 | @a17,335页@d23cm | |
| 330 | @a本书介绍了音乐治疗的源流、发展、理论流派及实用操作技术和技巧,其最大特色在于按照大众易于区分的音乐类别,介绍了各种治疗技术,包括聆听技术、歌曲技术、器乐即兴演奏技术、音乐形意律动技术、音乐心理剧技术等,并详解了适用的不同人群,以及针对各个群体制订的音乐治疗策略。 | |
| 510 | 1 | @aMusic therapy@zeng |
| 606 | 0 | @a音乐疗法 |
| 690 | @aR454.3@v5 | |
| 701 | 0 | @a张刃@9zhang ren@4著 |
| 801 | 2 | @aCN@b58marc.cn@c20201106 |
| 905 | @aMUSE@dR454.3@e6 | |
| 音乐治疗=Music therapy/张刃著.-2版.-北京:机械工业出版社,2020 |
| 17,335页;23cm |
| ISBN 978-7-111-66179-5:CNY99.00 |
| 本书介绍了音乐治疗的源流、发展、理论流派及实用操作技术和技巧,其最大特色在于按照大众易于区分的音乐类别,介绍了各种治疗技术,包括聆听技术、歌曲技术、器乐即兴演奏技术、音乐形意律动技术、音乐心理剧技术等,并详解了适用的不同人群,以及针对各个群体制订的音乐治疗策略。 |
| ● |
| 相关链接 |
|
|
|
正题名:音乐治疗
索取号:R454.3/6
 
预约/预借
| 序号 | 登录号 | 条形码 | 馆藏地/架位号 | 状态 | 备注 |
| 1 | 2000877893 | 2000877893 | 第二书库/ [索取号:R454.3/6] | 在馆 | |
| 2 | 2000877894 | 2000877894 | 第二书库/ [索取号:R454.3/6] | 在馆 | |
| 3 | 2000877895 | 2000877895 | 第二书库/ [索取号:R454.3/6] | 在馆 |